| 000 | 00565nam a2200181Ia 4500 | ||
|---|---|---|---|
| 008 | 151018s9999 xx 000 0 und d | ||
| 082 |
_bRBASDV36650 _a891.462 |
||
| 100 | _aना ल मोरे | ||
| 245 | _aवज्रदेही संभाजी | ||
| 250 | _b1 | ||
| 260 |
_bनिंबकर आणि मं _c1983 |
||
| 300 | _a92 | ||
| 600 | _aना ल मोरे | ||
| 630 | _aवज्रदेही संभाजी | ||
| 700 | _aना ल मोरे | ||
| 730 | _aवज्रदेही संभाजी | ||
| 942 | _cBOOK | ||
| 999 |
_c1036097 _d1036094 |
||